[Event "Hector S Nazzari Memorial 2019"]
[Site "Montevideo"]
[Date "2019.10.17"]
[Round "4.1"]
[White "Roselli Mailhe, Bernardo"]
[Black "Vitoux, Colomban"]
[Result "1-0"]
[WhiteElo "2435"]
[BlackElo "2381"]
[Annotator "TA"]
[PlyCount "87"]
[EventDate "2019.10.14"]
[EventType "swiss"]
[EventCountry "URU"]
[SourceTitle "playchess.com"]
[Source "ChessBase"]
[SourceQuality "1"]

{[%evp 9,87,36,37,20,42,20,57,21,21,16,31,33,48,10,14,10,27,10,24,17,18,13,29,22,24,7,12,0,0,0,0,0,0,0,23,0,0,-18,0,0,22,22,47,49,47,54,33,39,110,5,0,0,0,-9,12,0,0,0,0,0,0,0,0,0,0,0,29,29,481,456,1364,1304,325,2547,2115,1489,6203,1358,29996,29997]} 1. d4 Nf6 2. c4 b6 3. Nc3 Bb7 4. Nf3 g6 5. Bg5 (5. g3 Bg7 6. Bg2 O-O 7. O-O e6 8. d5 exd5 9. cxd5 Re8 10. Bf4 Na6 11. Rc1 Ne4 12. Nxe4 Rxe4 13. d6 c6 14. Qd2 Qf6 15. b3 Rae8 {0-1 (56) Wang,Y (2684)-Mamedyarov,S (2817) chess.com INT 2019}) 5... Bg7 6. e3 {A50: Queen's Fianchetto Defence (1 d4 Nf6 2 c4 b6)} O-O 7. Be2 d5 8. O-O {White is slightly better.} Ne4 $146 ({Predecessor:} 8... h6 9. Bxf6 Bxf6 10. Rc1 e6 11. cxd5 Bxd5 12. Nxd5 exd5 13. Bb5 {½-½ (23) Urbanc,M (1579)-Carli,L (1521) Rogaska Slatina 2009}) 9. Bh4 (9. Nxd5 $2 Nxg5 10. Nxg5 e6 $17) 9... Nxc3 10. bxc3 c5 11. Rc1 dxc4 12. Bxc4 Nc6 13. Qe2 Rc8 14. Rfd1 cxd4 15. cxd4 Na5 16. Ba6 Qd7 17. Bxb7 Qxb7 18. e4 b5 19. Rxc8 Rxc8 20. d5 Rc5 21. Qe3 Rc3 22. Qf4 Nc4 {[%cal Ba5c4,Bc4b2,Bb2d3][%mdl 32]} 23. h3 Nb2 24. Rb1 Nd3 25. Qg5 $1 {[%cal Rg5e7]} f6 26. Qd2 Qc7 27. d6 exd6 28. Rxb5 h5 {[#]} (28... Ra3 $14) 29. Bg3 (29. Rd5 $1 $16 {[%cal Rd5d3]} Ne5 30. Nxe5) 29... Kh7 30. Rd5 Bh6 31. Qe2 Ne5 32. Nd4 Rc1+ 33. Kh2 Qc3 {[#] aiming for ...Qa1.} 34. Rxd6 {Threatens to win with Qb5.} Qa1 {[%csl Ga1][%cal Rc1h1]} 35. Bxe5 $1 fxe5 36. Rd7+ Kh8 {Strongly threatening ...h4.} 37. Qf3 Bf4+ 38. g3 Rc3 $2 {[%mdl 8192]} (38... Bxg3+ $1 $11 {and Black is okay.} 39. fxg3 (39. Kxg3 Rc3 $11) 39... Rf1 40. Rd8+ Kh7 41. Rd7+ Kh8) 39. Qe2 $18 Rc1 (39... Qb1 $142 40. gxf4 exd4 41. Rxd4 Qc1) 40. Nf3 Rh1+ 41. Kg2 Bh6 42. Qc4 {Threatening mate with Qc8+.} Bg7 43. h4 (43. Ng5 $142 Rg1+ 44. Kf3 Rxg3+ 45. fxg3 Qh1+ 46. Ke2 Qh2+ 47. Kd1 Qg1+ 48. Kc2) 43... Rd1 44. Qc8+ {Accuracy: White = 52%, Black = 45%.} 1-0

[Event "Hector S Nazzari Memorial 2019"]
[Site "Montevideo"]
[Date "2019.10.17"]
[Round "4.2"]
[White "Lopez Azambuja, Nicolas"]
[Black "Curi, Gabriel"]
[Result "1/2-1/2"]
[WhiteElo "2318"]
[BlackElo "2194"]
[Annotator "TA"]
[PlyCount "47"]
[EventDate "2019.10.14"]
[EventType "swiss"]
[EventCountry "URU"]
[SourceTitle "playchess.com"]
[Source "ChessBase"]
[SourceQuality "1"]

{[%evp 9,47,11,14,14,35,10,9,3,8,8,5,3,8,13,33,23,25,35,63,68,67,39,44,13,12,29,16,23,23,0,0,0,0,0,0,0,0,0,0,0]} 1. d4 Nc6 2. c4 e5 3. d5 Bb4+ 4. Nd2 Nce7 5. a3 Bxd2+ $1 6. Qxd2 {A40: Unusual replies to 1 d4} d6 7. e4 $146 ({Predecessor:} 7. b4 Nf6 8. g3 O-O 9. Bg2 Bf5 10. Bb2 Qd7 11. f3 h6 {1-0 (66) Schmittdiel,E (2458)-Merkert,M (2254) Germany 2018}) 7... f5 8. exf5 Bxf5 9. Ne2 Nf6 10. Ng3 O-O 11. Be2 c6 12. dxc6 bxc6 13. O-O d5 14. b4 $1 Ne4 15. Nxe4 Bxe4 16. f4 (16. f3 $5 {[%cal Rf3e4]} Bf5 17. f4 $14) 16... exf4 17. Rxf4 Rxf4 18. Qxf4 Ng6 19. Qd2 Qh4 {[#] ...Rf8 is the strong threat.The position is equal.} 20. g3 Qh3 {[%csl Ge4][%cal Rh3g2]} 21. Bf1 Qg4 22. Be2 Qh3 {[%csl Ge4][%cal Rh3g2]} 23. Bf1 Qg4 24. Be2 {Accuracy: White = 70%, Black = 55%.} 1/2-1/2

[Event "Hector S Nazzari Memorial 2019"]
[Site "Montevideo"]
[Date "2019.10.17"]
[Round "4.3"]
[White "Hoffman, Alejandro"]
[Black "Coppola, Claudio"]
[Result "0-1"]
[WhiteElo "2449"]
[BlackElo "2270"]
[Annotator "TA"]
[PlyCount "54"]
[EventDate "2019.10.14"]
[EventType "swiss"]
[EventCountry "URU"]
[SourceTitle "playchess.com"]
[Source "ChessBase"]
[SourceQuality "1"]

{[%evp 13,54,6,6,-37,-17,-34,-36,-48,-52,-43,-36,-50,-47,-97,-63,-97,-66,-143,-150,-144,-123,-127,-122,-183,-193,-191,-201,-212,-213,-218,-232,-256,-249,-277,-285,-324,-313,-388,-201,-324,-329,-440,-449]} 1. Nf3 Nf6 2. c4 c5 3. Nc3 d5 4. cxd5 Nxd5 5. g3 g6 6. Bg2 Bg7 7. O-O Nc6 8. h4 $146 {A34: Symmetrical English: 2 Nc3, lines with ...d5} ({Predecessor:} 8. Qa4 O-O 9. Qc4 Nxc3 10. dxc3 Qb6 11. Ng5 h6 12. Ne4 Be6 13. Qxc5 f5 14. Qxb6 axb6 15. Nd2 Rxa2 16. Rxa2 Bxa2 {½-½ (30) Navara,D (2740)-Anand,V (2771) Batumi 2018}) 8... O-O 9. h5 gxh5 10. d3 {Black is slightly better.} Nxc3 11. bxc3 Bxc3 12. Rb1 Bg7 13. Bg5 Qc7 14. Qc1 b6 15. Bh6 {[#]} (15. Bf4 $15 Qd7 16. Ne5 Bxe5 17. Bxe5) 15... Bf5 $1 $17 16. Nh4 {[#]} Bg6 $1 17. Bxg7 Kxg7 18. f4 (18. Qf4 $17 Qd7 19. Bxc6 Qxc6 20. Nf5+ Kh8 21. Nxe7) 18... f6 $19 19. Qe3 Rfe8 20. Rf2 Rad8 21. Rc1 Nd4 22. f5 Bf7 23. Rf4 Kh8 24. Kh2 Rg8 ({But not} 24... Bxa2 25. Qf2 $19) 25. Re4 Rde8 (25... Qd6 $142 {...Nxe2! is the strong threat.} 26. Qf2 Rg7) 26. Qf2 (26. Rxd4 $142 cxd4 27. Rxc7 dxe3 28. Rxa7) 26... Qd6 27. e3 {[#]} Rxg3 $1 {[%mdl 512] Accuracy: White = 18%, Black = 81%.} 0-1

[Event "Hector S Nazzari Memorial 2019"]
[Site "Montevideo"]
[Date "2019.10.17"]
[Round "4.4"]
[White "Rodriguez Farias, Eduardo"]
[Black "Diaz Hollemaert, Nahuel"]
[Result "0-1"]
[WhiteElo "1931"]
[BlackElo "2439"]
[Annotator "TA"]
[PlyCount "38"]
[EventDate "2019.10.14"]
[EventType "swiss"]
[EventCountry "URU"]
[SourceTitle "playchess.com"]
[Source "ChessBase"]
[SourceQuality "1"]

{[%evp 9,38,50,50,51,56,41,65,43,55,52,57,23,27,3,34,31,27,6,52,44,36,28,56,0,0,-12,-10,-11,-32,-491,-489]} 1. e4 g6 2. d4 d6 3. Nc3 a6 4. Be3 b5 5. Qd2 Nf6 6. f3 {B06: Modern Defence} e6 (6... Nbd7 7. O-O-O Nb6 8. g4 Bb7 9. Nh3 Nfd7 10. Be2 e6 11. Bg5 Be7 12. Qe3 Bxg5 13. Nxg5 {0-1 (26) Giri,A (2783)-Nepomniachtchi,I (2763) Wijk aan Zee 2019}) 7. O-O-O $146 ({Predecessor:} 7. Nge2 Nbd7 8. Ng3 Nb6 9. Be2 Bg7 10. Bh6 Bxh6 11. Qxh6 e5 12. dxe5 dxe5 13. Rd1 Qe7 14. O-O Bb7 15. f4 Nfd7 16. Bg4 {½-½ (16) Schuette,T (1834)-Ratkovitch,D (2083) Olpe 2005}) 7... b4 8. Nce2 {White is slightly better.} d5 9. e5 Nfd7 10. Bg5 Be7 11. h4 c5 12. Bxe7 Qxe7 13. dxc5 Nxe5 14. Qxb4 Nbd7 15. h5 g5 16. Nh3 (16. f4 $14 gxf4 17. Nf3) 16... f6 $11 17. f4 Rb8 18. Qa4 Nc4 19. c6 $2 {[%mdl 8192] [#]} ({Better is} 19. b4 $15 a5 20. Nd4 Rxb4 21. Qc6 {[%mdl 64] Double Attack}) 19... O-O {Accuracy: White = 45%, Black = 50%.} 0-1

[Event "Hector S Nazzari Memorial 2019"]
[Site "Montevideo"]
[Date "2019.10.17"]
[Round "4.5"]
[White "Dominguez, Facundo"]
[Black "Avedisian, Alexander"]
[Result "1-0"]
[WhiteElo "2130"]
[BlackElo "1877"]
[Annotator "TA"]
[PlyCount "87"]
[EventDate "2019.10.14"]
[EventType "swiss"]
[EventCountry "URU"]
[SourceTitle "playchess.com"]
[Source "ChessBase"]
[SourceQuality "1"]

{[%evp 14,87,0,12,160,167,163,162,175,120,114,40,106,102,124,121,131,120,109,114,110,120,126,114,174,136,125,133,283,282,293,312,428,158,524,381,371,302,284,299,290,45,333,116,122,129,138,126,118,114,516,516,509,485,545,488,813,813,787,779,748,741,1872,1773,1397,1037,5089,4308,1388,1342,1518,1429,4133,2756,29968,29960]} 1. e4 c5 2. Nf3 g6 3. d4 cxd4 4. Qxd4 Nf6 5. Nc3 Nc6 6. Qa4 d6 7. e5 dxe5 8. Nxe5 Nd7 $146 {B27: Sicilian: 2 Nf3, unusual Black 2nd moves} (8... Bg7 $11) ({Predecessor:} 8... Bd7 9. Nxd7 Qxd7 10. Be2 Bg7 11. O-O O-O 12. Rd1 Qf5 13. Bd3 Qh5 14. Qb5 Qxb5 15. Bxb5 Nb4 16. Ba4 {1-0 (60) Guseinov,G (2664)-Gordievsky,D (2614) St Petersburg 2018}) 9. Nxc6 $16 bxc6 10. Qxc6 Rb8 {[#]White is clearly better.} 11. Bb5 (11. Bf4 $1 $18 {[%cal Rf4b8]} Rb6 12. Qa4) 11... Bg7 12. O-O (12. Bf4 $16 Rb6 13. Qc4 Re6+ 14. Be3) 12... Rb6 (12... O-O $1 $14) 13. Qc4 {And now Bf4 would win.} Rd6 14. Be3 a6 15. Ba4 $36 {[%mdl 2048] White has strong initiative.} O-O 16. Bb3 Bb7 17. Rad1 Ne5 18. Qf4 Nc6 (18... Rxd1 $16 19. Rxd1 Qb8) 19. Bc5 Be5 20. Qg4 Rd2 (20... Rxd1 $16 21. Rxd1 Qb8) 21. Nd5 $18 Rxd1 22. Rxd1 {Nxe7+! is the strong threat.} (22. Qxd1 Bd6 $16) 22... Qb8 23. h4 $2 (23. Nxe7+ $18 {is the precise move to win.} Nxe7 24. Bxe7) 23... Bxb2 $2 (23... Rd8 $16) 24. h5 {Threatens to win with hxg6.} Qe5 25. hxg6 hxg6 {[#]} 26. c3 $1 {[%mdl 512]} Kg7 {[#]} (26... Bxc3 27. f4) 27. Be3 $2 (27. f4 $1 $18 {[%cal Rf4e5]} Qe4 28. Qh4) 27... e6 $2 {[%mdl 8192]} ({Better is} 27... Ba3 $14) 28. Ba4 $2 (28. Nf4 $18 Bc8 29. Ba4 Qxc3 30. Bd2) 28... Qf5 $16 ({Don't go for} 28... exd5 $2 29. Bxc6 Bxc6 30. Bd4 $18) 29. Qxf5 gxf5 30. Rb1 Na5 31. Bd4+ ({Of course not} 31. Rxb2 $6 Bxd5 32. Bd4+ f6 $11) 31... f6 $2 {[%mdl 8192]} (31... Kh6 $16) 32. Nxf6 $18 ({And not} 32. Rxb2 Bxd5 33. Rb6 Ra8 $11) 32... Rxf6 33. Rxb2 Bd5 34. Bb3 {Black must now prevent Bxd5.} Nc4 (34... Bc4 $142 35. Bxf6+ Kxf6 36. Bxc4 Nxc4) 35. Bxc4 Bxc4 {[%mdl 4096] Endgame KRB-KRB} 36. a4 Kg6 37. Bxf6 Kxf6 {KR-KB} 38. f4 Ke7 39. Rb6 Kd7 40. Kf2 a5 41. Ke3 Kc7 42. Rb2 Kc6 43. Kd4 Ba6 44. c4 {Accuracy: White = 53%, Black = 26%.} 1-0

[Event "Hector S Nazzari Memorial 2019"]
[Site "Montevideo"]
[Date "2019.10.17"]
[Round "4.6"]
[White "Carbone, Diego"]
[Black "Tregarthen, Emiliano"]
[Result "1/2-1/2"]
[WhiteElo "2233"]
[BlackElo "2039"]
[Annotator "TA"]
[PlyCount "144"]
[EventDate "2019.10.14"]
[EventType "swiss"]
[EventCountry "URU"]
[SourceTitle "playchess.com"]
[Source "ChessBase"]
[SourceQuality "1"]

{[%evp 21,144,32,18,21,24,24,28,34,19,25,18,28,26,-8,-10,-8,29,20,21,33,45,36,40,35,45,51,143,137,162,133,153,147,152,136,146,141,139,62,63,59,60,60,60,60,60,61,68,68,88,88,88,88,87,86,104,97,89,75,72,53,63,33,54,60,108,108,103,103,107,8,8,8,8,8,8,8,12,8,8,0,12,0,0,0,0,0,0,0,0,0,418,433,440,433,12453,5599,1689,0,0,0,0,0,0,0,0,0,0,0,0,0,0,0,0,0,0,0,0,0,0,0,0,0,0,0,0]} 1. d4 d5 2. Nf3 Nf6 3. c4 c6 4. e3 e6 5. Nc3 Nbd7 6. Qc2 Bd6 7. Bd3 dxc4 8. Bxc4 b5 9. Be2 Bb7 10. O-O O-O 11. e4 e5 12. dxe5 {D46: Semi-Slav: 5 e3 Nbd7 6 Bd3, Black avoids the Meran} Nxe5 13. Nh4 $146 (13. Nd4 Neg4 14. g3 Bc5 15. Nf5 Re8 16. Bf4 Qb6 17. Bxg4 Nxg4 18. Rac1 g6 19. h3 Ne5 {0-1 (59) Martinovic,S (2555)-Saric,I (2691) Bjelovar 2019}) ({Predecessor:} 13. Nd4 b4 {1-0 (59) Caprio,G (2412)-Sorbera,G (2131) Venice 2014}) 13... b4 14. Nf5 {Black must now prevent Rd1.White has an edge.} bxc3 15. Rd1 Ne8 16. Qxc3 Qf6 17. Nxd6 (17. f4 $5 {[%cal Rf5d6]} Bc7 18. fxe5 Qxe5 19. Qxe5 Bxe5 20. Be3 $11) 17... Nxd6 18. f4 Nxe4 ({Don't play} 18... Nec4 $6 19. e5 $16) 19. Qxe5 Qxe5 20. fxe5 Rfe8 21. Rd7 $36 {[%mdl 2048] White is more active.} Nc5 22. Rc7 Rxe5 23. Bc4 {aiming for b4.} Ba6 (23... Re1+ $14 24. Kf2 Rh1) 24. Bxf7+ $16 Kh8 {Strongly threatening ...Re1+.} 25. Bf4 ({Weaker is} 25. Rxc6 Re1+ 26. Kf2 Rf1+ 27. Ke3 Rxf7 $11) 25... Rf5 26. Bd6 Ne4 {[#]} 27. Ba3 $1 c5 {Black wants to play ...Rf8.} 28. Rd1 Rf8 29. Rxa7 ({Better is} 29. h3 $16) 29... Be2 $14 30. Re1 Bd3 31. Rd7 Bb5 32. Rb7 $1 {[%cal Rb7b5]} Nd6 33. Rb6 $1 R5xf7 34. h3 Nc4 35. Rxb5 Nxa3 36. bxa3 $16 {[%mdl 4096] Endgame KRR-KRR} Rc7 37. Rc1 Rfc8 38. Rc4 Kg8 39. a4 Kf7 40. Rb6 Ra8 41. Kh2 h6 42. Kg3 Kg8 {[#]} 43. Rb5 $1 Rca7 44. Rbxc5 Rxa4 45. Rxa4 ({White should try} 45. Rc8+ $16 Kf7 46. Rxa8 Rxa8 47. Rf4+ Ke6 48. a4) 45... Rxa4 {KR-KR} 46. Rc2 Kf7 47. Re2 Kf6 48. Kf2 Kf5 49. Ke1 g5 50. Kd1 h5 51. Kc1 Kf4 52. Kb2 g4 53. Kb3 Ra8 54. hxg4 hxg4 55. a4 {And now Kb4 would win.} g3 $2 {[%mdl 8192]} (55... Ra6 $11) 56. Kb4 $18 Rb8+ 57. Kc5 Rb1 (57... Rc8+ $142 58. Kb6 Rb8+ 59. Kc7 Rb1) 58. a5 Rf1 59. Ra2 $2 ({White must play} 59. Kc4 $18 Ra1 60. Kb4) 59... Rf2 $1 $11 {[%cal Rf2a2] The position is equal.} 60. Ra4+ Kf5 61. a6 Rxg2 62. a7 Rc2+ 63. Kd5 Rd2+ 64. Kc4 Rd8 $1 65. a8=Q Rxa8 66. Rxa8 {White threatens Kd4 and mate. KR-KP} Ke4 67. Ra3 Kf4 68. Kd4 g2 69. Ra1 Kf3 70. Kd3 Kf2 71. Ra2+ Kf3 72. Ra8 g1=Q {Accuracy: White = 62%, Black = 63%.} 1/2-1/2

[Event "Hector S Nazzari Memorial 2019"]
[Site "Montevideo"]
[Date "2019.10.17"]
[Round "4.7"]
[White "El Ters, Antouan"]
[Black "Bustelo, Tabare"]
[Result "1-0"]
[WhiteElo "2200"]
[BlackElo "2054"]
[Annotator "TA"]
[PlyCount "47"]
[EventDate "2019.10.14"]
[EventType "swiss"]
[EventCountry "URU"]
[SourceTitle "playchess.com"]
[Source "ChessBase"]
[SourceQuality "1"]

{[%evp 9,47,61,93,85,93,90,137,123,123,124,128,121,134,99,147,133,122,132,129,122,148,122,151,140,133,95,82,76,118,95,98,103,100,80,83,43,141,152,169,154]} 1. Nf3 d5 2. g3 Nc6 3. d4 Bg4 4. Bg2 Nf6 5. Ne5 Bf5 (5... Bd7 6. c4 dxc4 7. Nc3 e6 8. Nxc4 Rb8 9. O-O b5 10. Ne5 Nxe5 11. dxe5 Ng4 12. Qd4 h5 13. h3 {1-0 (36) Kengis,E (2543)-Antoms,G (2340) Riga 2019}) 6. c4 {D02: 1 d4 d5 2 Nf3 sidelines, including 2...Nf6 3 g3 and 2...Nf6 3 Bf4} e6 7. Qa4 Bxb1 8. Rxb1 Bb4+ 9. Kf1 Be7 10. cxd5 $146 ({Predecessor:} 10. Qb5 a6 11. Qa4 Bd6 12. Bg5 Bxe5 13. dxe5 b5 14. exf6 gxf6 15. cxb5 {1-0 (15) Gonzalez Parejo,R (2221)-Lopez Idarraga,D (1975) Cartagena 2019}) 10... exd5 11. Bh3 Qd6 12. Nxc6 Qxc6 13. Qxc6+ bxc6 14. Bf4 c5 15. Bxc7 Ne4 {intending ...Nd2+.} 16. Rd1 c4 17. Bf5 Nd6 18. Bg4 f5 19. Bxd6 fxg4 20. Bxe7 Kxe7 21. h3 Rab8 22. Rd2 c3 (22... gxh3 $14 23. Rxh3 h5) 23. bxc3 $16 Rb1+ 24. Kg2 {Accuracy: White = 64%, Black = 39%.} 1-0

[Event "Hector S Nazzari Memorial 2019"]
[Site "Montevideo"]
[Date "2019.10.17"]
[Round "4.8"]
[White "Durante, Aurelio"]
[Black "Carvalho, Guillermo"]
[Result "0-1"]
[WhiteElo "1978"]
[BlackElo "2183"]
[Annotator "TA"]
[PlyCount "96"]
[EventDate "2019.10.14"]
[EventType "swiss"]
[EventCountry "URU"]
[SourceTitle "playchess.com"]
[Source "ChessBase"]
[SourceQuality "1"]

{[%evp 15,96,-11,-23,-28,-23,-12,-1,-11,0,-15,20,14,18,22,30,43,33,26,30,40,39,25,40,29,52,50,66,47,104,102,102,112,110,43,39,41,46,37,36,-8,-8,-77,-57,-53,-23,-49,-59,-152,-92,-112,-91,-75,-38,-104,-96,-121,-68,-66,-66,-65,-72,-67,-53,-87,-93,-64,-6,-65,0,-275,-54,-62,16,-241,0,0,495,-361,-349,-327,-314,-818,-712]} 1. e4 c5 2. Nf3 Nc6 3. d3 g6 4. g3 Bg7 5. Bg2 e5 6. O-O Nge7 7. Nc3 O-O 8. a3 d6 9. Rb1 {B25: Closed Sicilian: 3 g3, lines without early Be3} (9. Nh4 Be6 10. Be3 h6 11. f4 exf4 12. gxf4 f5 13. Qe1 Nd4 14. Rc1 Kh7 15. Kh1 Qd7 16. Qg3 Rg8 {0-1 (64) Stefanova,A (2500)-Hou,Y (2671) Monaco 2015}) 9... Rb8 10. b4 b6 11. Ne2 $146 {The position is equal.} ({Predecessor:} 11. h3 h6 12. Nh2 Kh7 13. Ng4 f5 14. Ne3 f4 15. Ned5 g5 16. g4 Ng6 {0-1 (45) Tarrago Antoni,M (2175)-Ermenkov,E (2478) Badalona 2005}) 11... h6 12. c3 Be6 13. d4 exd4 14. cxd4 {Hoping for d5.} cxd4 15. Nfxd4 Bc4 16. Re1 b5 17. Be3 Ne5 18. Nc1 Qd7 19. h3 f5 {...fxe4 is the strong threat.} 20. f4 Nf7 21. Bf2 Rbc8 (21... fxe4 $14 22. Rxe4 Rbc8) 22. Ncb3 fxe4 23. Rxe4 Nd5 {next ...Nc3 is good for Black.} 24. Qe1 (24. Qd2 $1 $16) 24... Rfe8 25. Rc1 Nf6 26. Rxe8+ Rxe8 27. Qd1 Ne4 $36 {[%mdl 2048] Black has some pressure.} 28. Be1 (28. Qc2 $11 Nxf2 29. Qxf2) 28... a6 29. Kh2 h5 30. Na5 d5 31. Nab3 {[#]} (31. Nf3 $15) 31... Nfd6 (31... h4 $142 $1 {[%cal Rh4g3][%mdl 512]} 32. Qf3 (32. gxh4 Bh6) 32... hxg3+ 33. Bxg3 Nfd6) 32. Qf3 Qf7 33. Rd1 Rc8 {[#]} 34. Qe3 (34. Nc5 $1 $15 {[%mdl 512]}) 34... Bh6 35. Nd2 {[#]} Re8 (35... h4 $1 $17 {[%mdl 512]} 36. Bxe4 (36. gxh4 Bxf4+) 36... dxe4 37. Nxc4 Rxc4) 36. Nxe4 $15 Nxe4 37. Qf3 $1 {[#]} h4 $1 {[%mdl 512]} 38. f5 (38. gxh4 Bxf4+) 38... hxg3+ 39. Bxg3 Nxg3 40. Qxg3 Re3 ({Better is} 40... Kh7 $15 41. fxg6+ Qxg6) 41. Qg4 (41. fxg6 $11 Qf4 42. Qxf4 Bxf4+ 43. Kh1) 41... Qf6 (41... Qc7+ $15 42. Kh1 Rg3) 42. Rg1 $2 {[%mdl 8192]} (42. Kh1 $11) 42... Qe5+ $2 ({Don't play} 42... Rxa3 43. Qxg6+ Qxg6 44. fxg6 $17) (42... Qd6+ $19 43. Kh1 Rg3) 43. Kh1 Bg7 (43... Rg3 $15 44. Nc6 Qf4 45. Qxf4 Bxf4 46. fxg6 Kf8) 44. Nc6 $2 {[%mdl 8192]} (44. fxg6 $11 Re1 45. Nf3 Rxg1+ 46. Kxg1 Qe3+ 47. Kh1) 44... gxf5 $2 {[#]} ({Black should play} 44... Qxf5 $19 {Threatens to win with ...d4.} 45. Qxf5 gxf5) 45. Qg5 $1 $11 {[%mdl 512]} Qe6 $2 {[%mdl 8192] [#]} (45... Qg3 $11 {and Black is okay.} 46. Qxf5 Qd6) 46. Qd8+ $4 {[%mdl 8192]} (46. Bf3 $1 $18 {[%csl Gg1][%cal Rg5g7][%mdl 512] is the narrow road to win.} Qd7 (46... Rxf3 47. Qxg7#) 47. Qxe3 Qxc6 {[#]} 48. Qe5 $1 {[%mdl 512]}) 46... Kh7 $19 47. Qh4+ Qh6 48. Qf2 $2 (48. Qxh6+ Kxh6 49. Rd1) 48... f4 {Accuracy: White = 34%, Black = 36%.} 0-1

[Event "Hector S Nazzari Memorial 2019"]
[Site "Montevideo"]
[Date "2019.10.17"]
[Round "4.9"]
[White "Vazquez, Facundo"]
[Black "Granara Barreto, Sebastian"]
[Result "1/2-1/2"]
[WhiteElo "2103"]
[BlackElo "2134"]
[Annotator "TA"]
[PlyCount "74"]
[EventDate "2019.10.14"]
[EventType "swiss"]
[EventCountry "URU"]
[SourceTitle "playchess.com"]
[Source "ChessBase"]
[SourceQuality "1"]

{[%evp 9,74,-25,14,9,31,27,38,32,42,22,29,22,25,22,54,27,47,16,11,2,17,17,17,17,17,17,17,17,32,23,33,19,33,0,9,0,85,0,0,0,27,0,0,0,0,0,0,9,53,7,16,12,15,7,27,0,7,0,0,0,0,0,10,0,0,0,23]} 1. d4 d5 2. c4 c6 3. cxd5 cxd5 4. Nc3 Nf6 5. f3 (5. Bf4 Nc6 6. e3 Bf5 7. Nf3 e6 8. Rc1 Rc8 9. Be2 Be7 10. O-O O-O 11. Nh4 Be4 12. a3 h6 13. Nf3 Bh7 14. Ne5 a6 15. Bd3 Bxd3 16. Qxd3 Nxe5 17. Bxe5 {1-0 (61) Giri,A (2780)-Duda,J (2730) chess.com INT 2019}) 5... e6 6. e4 {D10: Slav Defence: 3 cxd5 (without early Nf3) and 3 Nc3} Be7 7. e5 Nfd7 8. f4 {White is slightly better.} Nc6 9. Be3 Nb6 10. Nf3 Bd7 $146 ({Predecessor:} 10... a5 11. Bf2 a4 12. a3 Bd7 {0-1 (36) Coppola,C (2225)-Curi,G (2192) Montevideo 2019}) 11. Bd3 g6 12. O-O a5 13. Nd2 a4 14. Qf3 Nb4 15. Be2 Nc2 16. Rac1 Nxe3 17. Qxe3 Bc6 18. Bd3 Qd7 19. Rfd1 Nc8 20. g4 h5 21. f5 hxg4 22. fxg6 f5 {[#]} (22... fxg6 $11 23. Bxg6+ Kd8) 23. g7 ({White should play} 23. exf6 $1 $16 Bxf6 24. Re1) 23... Rg8 $11 24. Qh6 Bb4 25. Ne2 {Black must now prevent Nf1.} Qxg7 26. Qxe6+ {[%mdl 64] Double Attack} Ne7 {[#] Strongly threatening ...Qg5.} 27. Nf1 $1 ({Much weaker is} 27. Bxf5 Qg5 $17) 27... Qg5 {...Rg6 is the strong threat.} 28. Qf6 $1 Kd7 29. Qxg5 Rxg5 30. Nf4 Ba5 31. Ng3 Bb6 32. Bb1 Rh8 {The position is equal.} 33. a3 Bb5 34. Ba2 Bc6 35. Bb1 Bb5 36. Ba2 Bc6 $1 37. Bb1 Bb5 {Accuracy: White = 40%, Black = 55%.} 1/2-1/2